[Event "82.Camp. Veneto Quarti di Finale"]
[Site "Ceregnano ITA"]
[Date "2023.05.26"]
[Round "1.7"]
[White "Gazzato, Niccolò"]
[Black "Canato, Carlo"]
[Result "0-1"]
[WhiteElo "1450"]
[BlackElo "1785"]
[Annotator "Gabriele Ballarin"]
[PlyCount "106"]
[EventDate "2023.05.26"]
[EventType "swiss"]
[EventRounds "5"]
[EventCountry "ITA"]

1. e4 c5 2. Nf3 Nc6 3. Bb5 g6 4. c3 Nf6 5. e5 Nd5 6. O-O Bg7 7. d4 cxd4 8. cxd4 Qb6 9. Bxc6 dxc6 10. Nc3 Bg4 11. Nxd5 cxd5 12. Qa4+ Qc6 13. Qxc6+ bxc6 14. Nd2 c5 15. Nb3 cxd4 16. Bf4 Be2 17. Rfe1 d3 18. Nd4 e6 19. Nxe2 dxe2 20. Rxe2 Kd7 21. Rc2 Rhc8 22. Rac1 Rxc2 23. Rxc2 Rb8 24. f3 Rb5 25. Kf1 h5 26. h4 Rb7 27. Ke2 f6 28. Kd3 fxe5 29. Bg3 Rc7 30. Re2 Kd6 31. f4 exf4 32. Bxf4+ e5 33. Bg3 Rc4 34. Bf2 e4+ 35. Kd2 Bh6+ 36. Be3 Bxe3+ 37. Rxe3 Ke5 38. Rg3 Rc6 39. Rg5+ Kd4 40. Rg3 Rf6 41. Ke2 Rb6 42. b3 Rc6 43. Kd2 Ke5 44. Rg5+ Kd4 45. Rg3 Re6 46. Re3 Ke5 47. Rg3 Kf4 48. Rc3 e3+ 49. Ke2 d4 50. Rc1 Ke4 51. Rc4 Rf6 52. Ke1 Kd3 53. Rc1 e2 0-1

[Event "82.Camp. Veneto Quarti di Finale"]
[Site "Ceregnano ITA"]
[Date "2023.05.26"]
[Round "1.8"]
[White "Bocaj, Arben"]
[Black "Zerba, Fabio"]
[Result "0-1"]
[WhiteElo "1776"]
[BlackElo "1445"]
[Annotator "Gabriele Ballarin"]
[PlyCount "85"]
[EventDate "2023.05.26"]
[EventType "swiss"]
[EventRounds "5"]
[EventCountry "ITA"]

1. e4 d5 2. exd5 Qxd5 3. Nc3 Qa5 4. d4 Nf6 5. h3 Bf5 6. Bd3 Bxd3 7. Qxd3 e6 8. Nge2 Be7 9. O-O c6 10. a3 Nbd7 11. Bd2 Qc7 12. Rac1 Bd6 13. Nd1 Nd5 14. c4 Nf4 15. Nxf4 Bxf4 16. Bxf4 Qxf4 17. Qe3 Qxe3 18. fxe3 Nf6 19. Nc3 Rd8 20. Rcd1 O-O 21. e4 h6 22. e5 Nh7 23. Ne4 b6 24. h4 f6 25. exf6 Nxf6 26. Nxf6+ Rxf6 27. Rxf6 gxf6 28. Kf2 Kf7 29. Ke3 Rg8 30. Kf3 h5 31. d5 exd5 32. cxd5 Rd8 33. Ke4 Kg6 34. Rd2 cxd5+ 35. Rxd5 Rxd5 36. Kxd5 Kf5 37. Kc6 Kg4 38. Kb7 Kg3 39. Kxa7 b5 40. Kb6 Kxg2 41. Kxb5 f5 42. a4 f4 43. Kb6 0-1

[Event "82.Camp. Veneto Quarti di Finale"]
[Site "Ceregnano ITA"]
[Date "2023.05.26"]
[Round "1.9"]
[White "Fantinati, Giulio"]
[Black "Ballarin, Gabriele"]
[Result "0-1"]
[WhiteElo "1378"]
[BlackElo "1760"]
[Annotator "Gabriele Ballarin"]
[PlyCount "76"]
[EventDate "2023.05.26"]
[EventType "swiss"]
[EventRounds "5"]
[EventCountry "ITA"]

{[%evp 14,76,52,62,65,72,93,58,77,60,52,0,5,4,41,18,23,47,84,15,24,27,63,0,0,0,0,-58,0,0,0,0,0,0,193,-94,-128,-170,-173,-161,-147,-171,-151,-161,-126,-178,-170,-331,-239,-235,-237,-232,-249,-237,-239,-340,-322,-412,-430,-420,-421,-432,-384,-451,-368]} 1. e4 d6 2. Nf3 Nd7 3. d4 Ngf6 4. Nc3 e5 5. Bc4 Be7 6. O-O c6 7. Re1 Qc7 8. a4 h6 9. h3 g5 10. Nh2 (10. Bb3 $16) 10... Nf8 {Il Bianco sta leggermente meglio.} 11. dxe5 dxe5 12. Ng4 (12. Be3 $14) 12... Bxg4 $11 13. hxg4 Rd8 (13... Qc8 $11) 14. Qe2 Ng6 15. g3 {Inibisce Cf4.} Bc5 (15... Bb4 $14) 16. Be3 (16. Kg2 $16) 16... Bxe3 17. Qxe3 Nxg4 (17... Rd4 $11 18. b3 O-O) 18. Qf3 ({Il Bianco dovrebbe giocare} 18. Qxa7 $14 O-O 19. a5) 18... h5 19. Rad1 Rd4 20. Bb3 (20. b3 $11) 20... Kf8 (20... Qe7 $15) 21. Qf5 Qe7 $1 22. Ne2 Rxd1 23. Rxd1 Qf6 {[#] Inibisce Td8+.} (23... Nh6 $11 24. Qd7 Ng4) 24. Qxf6 $2 ({È meglio} 24. Rd7 $18 Ne7 25. Qxf6 Nxf6 26. Rxb7) 24... Nxf6 $17 25. Kg2 (25. Rd8+ $17 Ke7 26. Rxh8 Nxh8 27. f3) 25... Ke7 $19 ({È peggio} 25... Nxe4 26. Rd7 $11) 26. f3 h4 27. Rh1 Rd8 28. Kf2 Nd7 (28... Nh5 $19 {...Td2 è la minaccia più forte.} 29. Rb1 Kf6) 29. Ke3 (29. Rd1 $17) 29... Nc5 30. f4 $2 (30. gxh4 gxh4 31. a5) 30... gxf4+ 31. gxf4 exf4+ 32. Nxf4 Nxf4 33. Kxf4 {[%mdl 4096] Finale RTA-RTC} Rd4 {[%csl LRa4,LRe4]} 34. Re1 (34. c3 $142 Rd2 35. Bd1) 34... h3 {[%cal Od4e4] [#] Minaccia di vincere con ...Txe4+!} 35. Kg3 Nxb3 36. cxb3 Rd3+ 37. Kh2 Rxb3 38. Re2 f6 {Valore errori pesato: Bianco=0.53/Nero=0.25 (precisa)} 0-1

[Event "82.Camp. Veneto Quarti di Finale"]
[Site "Ceregnano ITA"]
[Date "2023.05.26"]
[Round "1.10"]
[White "Serea, Gabriele"]
[Black "Caferri, Sergio"]
[Result "1-0"]
[WhiteElo "1747"]
[BlackElo "1368"]
[Annotator "Gabriele Ballarin"]
[PlyCount "49"]
[EventDate "2023.05.26"]
[EventType "swiss"]
[EventRounds "5"]
[EventCountry "ITA"]

1. e4 e6 2. Qe2 Nc6 3. Nf3 e5 4. g3 Nf6 5. Bg2 Bc5 6. O-O d6 7. h3 Bd7 8. d3 O-O 9. Nc3 a6 10. Kh2 Ne8 11. Be3 Bxe3 12. fxe3 f5 13. exf5 Rxf5 14. Nh4 Rxf1 15. Rxf1 Nf6 16. Nd5 Nxd5 17. Bxd5+ Kh8 18. Qh5 Ne7 19. Be4 h6 20. Rf7 Qe8 21. Ng6+ Nxg6 22. Qxg6 Qg8 23. Rxd7 Rf8 24. Kg2 Rf6 25. Rd8 1-0

[Event "82.Camp. Veneto Quarti di Finale"]
[Site "Ceregnano ITA"]
[Date "2023.05.26"]
[Round "1.11"]
[White "Adel, Sarah"]
[Black "Bagolin, Renzo"]
[Result "0-1"]
[WhiteElo "1350"]
[BlackElo "1736"]
[Annotator "Gabriele Ballarin"]
[PlyCount "42"]
[EventDate "2023.05.26"]
[EventType "swiss"]
[EventRounds "5"]
[EventCountry "ITA"]

1. e4 c5 2. Nf3 e6 3. Nc3 a6 4. g3 b5 5. Bg2 Bb7 6. d3 Nf6 7. O-O d6 8. a3 Nbd7 9. Re1 Qc7 10. Qe2 e5 11. Nh4 g6 12. Nd5 Nxd5 13. exd5 Bg7 14. c4 O-O 15. f4 f5 16. fxe5 Nxe5 17. Nf3 Rae8 18. Nxe5 Rxe5 19. Qf2 Rfe8 20. Rxe5 Bxe5 21. Bf4 Bd4 0-1

[Event "82.Camp. Veneto Quarti di Finale"]
[Site "Ceregnano ITA"]
[Date "2023.05.26"]
[Round "1.12"]
[White "Zanirato, Stefano"]
[Black "Cedriano, Mattia"]
[Result "1/2-1/2"]
[WhiteElo "1712"]
[BlackElo "1346"]
[Annotator "Gabriele Ballarin"]
[PlyCount "147"]
[EventDate "2023.05.26"]
[EventType "swiss"]
[EventRounds "5"]
[EventCountry "ITA"]

1. e4 e6 2. d4 d5 3. Bd3 Nf6 4. Bg5 dxe4 5. Bxe4 Nbd7 6. Nf3 Be7 7. Bxf6 Nxf6 8. Bd3 c5 9. O-O O-O 10. Nc3 cxd4 11. Nxd4 Bc5 12. Nb3 Bb6 13. Ne4 Bd7 14. Nxf6+ Qxf6 15. Bxh7+ Kxh7 16. Qxd7 Qxb2 17. Qd3+ Kg8 18. Rfb1 Qf6 19. Qe2 Rfd8 20. Rd1 Rac8 21. a4 Qb2 22. Rxd8+ Bxd8 23. Rd1 Bf6 24. Qb5 Qxc2 25. Rf1 Rd8 26. Qxb7 Rd1 27. Qf3 Rxf1+ 28. Kxf1 Qb1+ 29. Ke2 Qc2+ 30. Nd2 Qxa4 31. g4 Qb5+ 32. Kd1 a5 33. Ne4 Qd5+ 34. Ke2 Qa2+ 35. Kf1 Qc4+ 36. Kg2 Qd5 37. g5 Bxg5 38. Nxg5 Qxg5+ 39. Kf1 Qb5+ 40. Kg1 f5 41. Qa8+ Kh7 42. Qc8 Qb1+ 43. Kg2 Qe4+ (43... a4 $1 44. Qxe6 Qe4+) 44. f3 Qe2+ 45. Kg3 f4+ 46. Kxf4 Qxh2+ 47. Ke4 Qh4+ 48. Ke3 Qg5+ 49. f4 Qg3+ 50. Ke4 Qe1+ 51. Kf3 Qd1+ 52. Kg3 Qd3+ 53. Kg4 Qf5+ 54. Kg3 a4 55. Qc6 Qd3+ 56. Kh4 Qb3 57. Qe4+ g6 58. Qe5 a3 59. Qc7+ Kh6 60. Qe7 Qb2 61. Qf8+ Qg7 62. Qxa3 g5+ 63. Kg4 gxf4+ 64. Kxf4 Qg5+ 65. Kf3 Qf5+ 66. Kg2 Kg5 67. Qe7+ Kf4 68. Qc7+ e5 69. Qc1+ Kg4 70. Qd1+ Kg5 71. Qd8+ Kh5 72. Qh8+ Kg5 73. Qd8+ Qf6 74. Qxf6+ 1/2-1/2

[Event "82.Camp. Veneto Quarti di Finale"]
[Site "Ceregnano ITA"]
[Date "2023.05.26"]
[Round "1.13"]
[White "Renier, Renzo"]
[Black "Pezzolato, Erica"]
[Result "0-1"]
[WhiteElo "1827"]
[BlackElo "1453"]
[Annotator "Gabriele Ballarin"]
[PlyCount "40"]
[EventDate "2023.05.26"]
[EventType "swiss"]
[EventRounds "5"]
[EventCountry "ITA"]

1. e4 {Pezzolato Erica è l'attuale campionessa italiana non vedenti} d6 2. d4 Nf6 3. Nc3 g6 4. Nf3 Bg7 5. Be2 O-O 6. O-O Nbd7 7. Bf4 c5 8. Qd2 cxd4 9. Nb5 Nxe4 10. Qc1 a6 11. Na3 b5 12. Bh6 e5 13. Re1 Bb7 14. Bd3 Ndc5 15. Bxg7 Kxg7 16. Nd2 Nxd3 17. cxd3 Nxd2 18. Qxd2 Rc8 19. Rac1 Qd7 20. Nb1 Qg4 0-1

[Event "82.Camp. Veneto Quarti di Finale"]
[Site "Ceregnano ITA"]
[Date "2023.05.26"]
[Round "1.14"]
[White "Uncini, Alessandro"]
[Black "Tomio, Dante"]
[Result "0-1"]
[WhiteElo "1225"]
[BlackElo "1711"]
[Annotator "Gabriele Ballarin"]
[PlyCount "54"]
[EventDate "2023.05.26"]
[EventType "swiss"]
[EventRounds "5"]
[EventCountry "ITA"]

1. e4 c5 2. c3 d5 3. exd5 Qxd5 4. Nf3 Nf6 5. d4 e6 6. Na3 Nc6 7. Bc4 Qd8 8. Nc2 Be7 9. O-O O-O 10. Re1 a6 11. a3 b5 12. Ba2 Bb7 13. Ne3 Qc7 14. h3 Rfd8 15. Nc2 h6 16. Be3 Rd7 17. Qe2 c4 18. Rad1 Nd5 19. Bc1 Rad8 20. Ne3 Nf4 21. Qd2 Nd3 22. Re2 Na5 23. Ne1 Nf4 24. f3 Nxe2+ 25. Qxe2 e5 26. N1c2 exd4 27. Nxd4 Bg5 0-1

[Event "82.Camp. Veneto Quarti di Finale"]
[Site "Ceregnano ITA"]
[Date "2023.05.26"]
[Round "1.15"]
[White "Cecchetto, Vanni"]
[Black "Scaranaro, Martina"]
[Result "0-1"]
[WhiteElo "1700"]
[BlackElo "1171"]
[Annotator "Gabriele Ballarin"]
[PlyCount "50"]
[EventDate "2023.05.26"]
[EventType "swiss"]
[EventRounds "5"]
[EventCountry "ITA"]

1. e4 e5 2. Nf3 Nc6 3. c3 Nf6 4. Bb5 a6 5. Bxc6 dxc6 6. Nxe5 Qe7 7. d4 Nxe4 8. O-O Be6 9. Na3 O-O-O 10. Bf4 Qf6 11. Bg3 h5 12. Qd3 Nxg3 13. fxg3 Qxe5 14. Rae1 Qg5 15. Nc2 h4 16. Rf3 Bd6 17. Nb4 hxg3 18. Nxa6 gxh2+ 19. Kh1 Bd5 20. Nb4 Bxf3 21. Qxf3 Qf4 22. Qd1 Qg3 23. Rf1 Rde8 24. Nd3 Re3 25. Nf2 Rhe8 0-1

[Event "82.Camp. Veneto Quarti di Finale"]
[Site "Ceregnano ITA"]
[Date "2023.05.26"]
[Round "1.16"]
[White "Lazzarini, Giovanni"]
[Black "Rubini, Alessandro BO"]
[Result "0-1"]
[WhiteElo "1135"]
[BlackElo "1679"]
[Annotator "Gabriele Ballarin"]
[PlyCount "68"]
[EventDate "2023.05.26"]
[EventType "swiss"]
[EventRounds "5"]
[EventCountry "ITA"]

1. d4 Nf6 2. c4 c5 3. Nf3 cxd4 4. Nxd4 g6 5. Nc3 Bg7 6. Qc2 O-O 7. g3 Nc6 8. Nxc6 bxc6 9. Bg2 d5 10. cxd5 cxd5 11. O-O Bb7 12. Rd1 Qc7 13. Qa4 Rfd8 14. Bg5 e6 15. Rac1 Qe7 16. Qh4 Rac8 17. e4 dxe4 18. Bxe4 h6 19. Bxb7 hxg5 20. Qxg5 Rxd1+ 21. Rxd1 Qxb7 22. Qb5 Qxb5 23. Nxb5 a6 24. Nc3 Rb8 25. Rd2 Kf8 26. b3 Ke7 27. Na4 Nd5 28. Kf1 Rc8 29. Ke2 Nc3+ 30. Nxc3 Rxc3 31. Rd3 Rc2+ 32. Rd2 Rxd2+ 33. Kxd2 Kd6 34. Kd3 Kc5 0-1

[Event "82.Camp. Veneto Quarti di Finale"]
[Site "Ceregnano ITA"]
[Date "2023.05.26"]
[Round "1.17"]
[White "Buqa, Brajan"]
[Black "Acosta Loor, Tamia"]
[Result "1-0"]
[WhiteElo "1668"]
[BlackElo "1098"]
[Annotator "Gabriele Ballarin"]
[PlyCount "46"]
[EventDate "2023.05.26"]
[EventType "swiss"]
[EventRounds "5"]
[EventCountry "ITA"]

1. c4 e5 2. Nc3 Nf6 3. g3 Bb4 4. Nd5 Nxd5 5. cxd5 c6 6. Bg2 O-O 7. e3 d6 8. Ne2 Bf5 9. a3 Ba5 10. b4 Bb6 11. d4 exd4 12. Nxd4 Bd7 13. Bb2 Bxd4 14. Qxd4 f6 15. O-O Qe7 16. Rfd1 Na6 17. dxc6 bxc6 18. Qc4+ d5 19. Qxa6 Rfe8 20. b5 Rab8 21. bxc6 Rxb2 22. cxd7 Qxd7 23. Bxd5+ Kf8 1-0

[Event "82.Camp. Veneto Quarti di Finale"]
[Site "Ceregnano ITA"]
[Date "2023.05.27"]
[Round "2.1"]
[White "Bagolin, Renzo"]
[Black "Frescura, Davide"]
[Result "0-1"]
[WhiteElo "1736"]
[BlackElo "2096"]
[Annotator "Gabriele Ballarin"]
[PlyCount "138"]
[EventDate "2023.05.26"]
[EventType "swiss"]
[EventRounds "5"]
[EventCountry "ITA"]

1. b3 e5 2. Bb2 Nc6 3. e3 Nf6 4. c4 Be7 5. Nc3 d5 6. cxd5 Nxd5 7. Bb5 Ndb4 8. a3 Nd3+ 9. Bxd3 Qxd3 10. Qb1 Qxb1+ 11. Rxb1 Bf5 12. e4 Be6 13. Nd5 Bxd5 14. exd5 Nd4 15. Bxd4 exd4 16. Nf3 Bf6 17. d6 c6 18. d7+ Kxd7 19. O-O Rhe8 20. Rfe1 Rxe1+ 21. Rxe1 Re8 22. Rxe8 Kxe8 23. Kf1 Kd7 24. Ke2 Kd6 25. Kd3 Kd5 26. Ne1 b5 27. Kc2 Be7 28. b4 c5 29. bxc5 Bxc5 30. Kb3 Bd6 31. h3 a5 32. d3 a4+ 33. Kb2 f5 34. Nf3 Bc7 35. Kc2 Ba5 36. Kb2 h6 37. Kc2 g5 38. g4 fxg4 39. hxg4 Bb6 40. Kb2 Bc5 41. Ka2 Ke6 42. Kb2 Kd5 43. Ka2 Bf8 44. Kb2 Bg7 45. Kc2 Be5 46. Kb2 Bf4 47. Kc2 Be5 48. Kb2 Bf6 49. Kc2 Bg7 50. Kb2 Kc5 51. Nd2 Be5 52. Ne4+ Kd5 53. Nd2 Bg7 54. Nf3 Kc6 55. Nd2 Bf8 56. Nf3 Bg7 57. Nd2 Kc5 58. Kc2 Kb6 59. Ne4 Bf8 60. Kb1 b4 61. axb4 Kb5 62. Ka2 Kxb4 63. Kb2 Be7 64. Ka2 a3 65. f3 Bf8 66. Nf6 Kc3 67. Nd7 Bd6 68. Nf6 Kxd3 69. Ne4 Bf8 0-1

[Event "82.Camp. Veneto Quarti di Finale"]
[Site "Ceregnano ITA"]
[Date "2023.05.27"]
[Round "2.2"]
[White "Fregonese, Giulio"]
[Black "Serea, Gabriele"]
[Result "0-1"]
[WhiteElo "2026"]
[BlackElo "1747"]
[Annotator "Gabriele Ballarin"]
[PlyCount "32"]
[EventDate "2023.05.26"]
[EventType "swiss"]
[EventRounds "5"]
[EventCountry "ITA"]

1. e4 e5 2. f4 exf4 3. Nf3 Nf6 4. e5 Nh5 5. Be2 d6 6. O-O Bg4 7. Nc3 Nc6 8. d4 dxe5 9. d5 Bc5+ 10. Kh1 Nd4 11. Nxd4 Qh4 12. Ne4 Ng3+ 13. Nxg3 fxg3 14. h3 Bxh3 15. Nf3 Qh5 16. Ng5 Bg4+ 0-1

[Event "82.Camp. Veneto Quarti di Finale"]
[Site "Ceregnano ITA"]
[Date "2023.05.27"]
[Round "2.3"]
[White "Tomio, Dante"]
[Black "Buzzatti, Francesco"]
[Result "1-0"]
[WhiteElo "1711"]
[BlackElo "1916"]
[Annotator "Gabriele Ballarin"]
[PlyCount "85"]
[EventDate "2023.05.26"]
[EventType "swiss"]
[EventRounds "5"]
[EventCountry "ITA"]

1. d4 d5 2. c4 e6 3. Nf3 Nf6 4. g3 c5 5. cxd5 exd5 6. Bg2 Nc6 7. e3 Be6 8. O-O Be7 9. Nc3 O-O 10. a3 c4 11. Qc2 a6 12. Ng5 b5 13. Nxe6 fxe6 14. Bh3 Qd6 15. Bd2 e5 16. Ne2 Ne4 17. Bg2 Nxd2 18. Qxd2 e4 19. f3 exf3 20. Bxf3 Bg5 21. Nf4 Bxf4 22. exf4 Rfe8 23. Rfe1 Kf7 24. f5 Rxe1+ 25. Rxe1 Re8 26. Bh5+ g6 27. fxg6+ hxg6 28. Qf2+ Qf6 29. Bxg6+ Kxg6 30. Qxf6+ Kxf6 31. Rxe8 Nxd4 32. Ra8 Ke5 33. Rxa6 Ke4 34. h4 Nf5 35. Kf2 d4 36. h5 d3 37. Re6+ Kd4 38. g4 Nh4 39. Rd6+ Kc5 40. Rd8 b4 41. Rc8+ Kb5 42. axb4 Kxb4 43. Rd8 1-0

[Event "82.Camp. Veneto Quarti di Finale"]
[Site "Ceregnano ITA"]
[Date "2023.05.27"]
[Round "2.4"]
[White "Canella, Jacopo"]
[Black "Rubini, Alessandro BO"]
[Result "1-0"]
[WhiteElo "1903"]
[BlackElo "1679"]
[Annotator "Gabriele Ballarin"]
[PlyCount "63"]
[EventDate "2023.05.26"]
[EventType "swiss"]
[EventRounds "5"]
[EventCountry "ITA"]

1. d4 Nf6 2. c4 c5 3. d5 b5 4. Qc2 bxc4 5. e4 d6 6. Bxc4 g6 7. Nc3 Bg7 8. f4 O-O 9. Nf3 Na6 10. O-O Rb8 11. a3 Nd7 12. Be2 Nc7 13. Rd1 Ba6 14. Bxa6 Nxa6 15. Qe2 Nc7 16. e5 Re8 17. g4 Rb6 18. e6 fxe6 19. dxe6 Nf8 20. f5 d5 21. Ng5 d4 22. Na4 Rc6 23. Bf4 Nd5 24. Be5 Ne3 25. Bxg7 Kxg7 26. Rd3 Qc7 27. Qf3 Ra6 28. Nc3 Qe5 29. Nf7 Qf6 30. Ne4 Qh4 31. Rxe3 dxe3 32. Qf4 1-0

[Event "82.Camp. Veneto Quarti di Finale"]
[Site "Ceregnano ITA"]
[Date "2023.05.27"]
[Round "2.5"]
[White "Cervatti, Michele"]
[Black "Buqa, Brajan"]
[Result "1-0"]
[WhiteElo "1860"]
[BlackElo "1668"]
[Annotator "Gabriele Ballarin"]
[PlyCount "113"]
[EventDate "2023.05.26"]
[EventType "swiss"]
[EventRounds "5"]
[EventCountry "ITA"]

1. e4 c5 2. c3 Nf6 3. Qc2 e5 4. Nf3 Nc6 5. Bc4 Be7 6. O-O O-O 7. Re1 d6 8. d3 Bg4 9. Nbd2 Qd7 10. h3 Be6 11. Nf1 Nh5 12. Be3 Rac8 13. Rad1 d5 14. exd5 Bxd5 15. Qe2 Nf4 {=} 16. Bxf4 exf4 17. Ne5 Nxe5 18. Qxe5 Be6 19. Bxe6 fxe6 20. Qxe6+ Qxe6 21. Rxe6 Bf6 22. Nd2 Rfe8 23. Rxe8+ Rxe8 24. Ne4 Be7 25. Kf1 Rc8 26. Ke2 Kf7 27. Kf3 g5 28. h4 h6 29. hxg5 hxg5 30. d4 cxd4 31. Rxd4 Ke6 32. Kg4 Rg8 33. b3 b5 34. Rd2 Rg7 35. Re2 Bf6 36. Nxf6+ Kxf6 37. Rd2 Ke5 {=} 38. c4 bxc4 39. bxc4 Rc7 40. Rd5+ Ke4 41. f3+ Ke3 {=} 42. c5 Kf2 43. Rxg5 Kxg2 44. Kxf4+ Kf2 45. Ke4 Rf7 46. f4 Re7+ 47. Re5 Rf7 48. f5 Kg3 49. Re6 Kg4 50. Rg6+ Kh5 51. Rg1 Re7+ 52. Kd5 Rf7 53. Ke6 Rc7 54. Kd6 Rf7 55. Rf1 Rf6+ 56. Kd5 Kg5 57. c6 1-0

[Event "82.Camp. Veneto Quarti di Finale"]
[Site "Ceregnano ITA"]
[Date "2023.05.27"]
[Round "2.6"]
[White "Ballarin, Gabriele"]
[Black "Scaranaro, Martina"]
[Result "1-0"]
[WhiteElo "1760"]
[BlackElo "1171"]
[Annotator "Gabriele Ballarin"]
[PlyCount "53"]
[EventDate "2023.05.26"]
[EventType "swiss"]
[EventRounds "5"]
[EventCountry "ITA"]

{[%evp 9,53,-9,10,10,85,23,32,-2,9,10,10,8,17,16,10,-32,-26,-1,212,221,230,230,235,224,207,207,218,228,286,234,274,277,290,265,269,258,262,202,187,166,189,191,169,193,210,121]} 1. e4 e5 2. Nf3 Nc6 3. Bc4 Bc5 4. c3 d6 5. Bb3 Bg4 6. d3 (6. d4 exd4 7. O-O (7. h3 Bxf3 8. Qxf3 Ne5 $17) 7... Nf6 $15) 6... Nge7 {[#]} (6... Qf6 $11) 7. Nbd2 (7. Bxf7+ $1 $16 {variante vista in partita ma ho preferito conservare l'alfiere} Kxf7 8. Ng5+ Ke8 9. Qxg4) 7... d5 8. Qe2 (8. h3 $14 Be6 9. O-O) 8... O-O 9. h3 Be6 10. Ng5 h6 11. Nxe6 fxe6 12. Rf1 (12. O-O $11) 12... Ng6 13. g3 Rf6 $2 {[#]} (13... Kh8 $11) 14. exd5 $1 $18 exd5 15. Ne4 $1 Be7 16. Nxf6+ Bxf6 17. Qg4 Kh7 18. Bd2 d4 19. O-O-O (19. Bf7 Nge7 20. O-O-O dxc3 $18) 19... dxc3 20. bxc3 Nce7 21. Qe4 c6 22. h4 {[%cal Bh3h4,Bh4h5][%mdl 32]} Kh8 23. h5 Nf8 24. g4 Nd7 25. d4 exd4 26. cxd4 Qb6 27. Be3 (27. g5 $18 hxg5 28. h6) 1-0

[Event "82.Camp. Veneto Quarti di Finale"]
[Site "Ceregnano ITA"]
[Date "2023.05.27"]
[Round "2.7"]
[White "Cedriano, Mattia"]
[Black "De Bortoli, Francesco"]
[Result "0-1"]
[WhiteElo "1346"]
[BlackElo "1894"]
[Annotator "Gabriele Ballarin"]
[PlyCount "80"]
[EventDate "2023.05.26"]
[EventType "swiss"]
[EventRounds "5"]
[EventCountry "ITA"]

1. e4 c5 2. Nf3 d6 3. d4 cxd4 4. Nxd4 Nf6 5. Nc3 a6 6. Be3 g6 7. f3 b5 8. Qd2 Bb7 9. Nb3 Nbd7 10. O-O-O Qc7 11. g4 Rc8 12. Bg2 Ne5 13. Qf2 Nc4 14. Rhe1 Nxb2 15. Nxb5 axb5 16. Kxb2 Bxe4 17. fxe4 Nxg4 18. Qd2 Nxe3 19. Rxe3 Bg7+ 20. c3 b4 21. Nd4 bxc3+ 22. Rxc3 Qb6+ 23. Rb3 Qc5 24. Qc3 O-O 25. Rd2 Qg5 26. Qe3 Qh5 27. Bh3 Rc5 28. Kb1 Bh6 29. Qe2 Bxd2 30. Qxd2 Ra8 31. Ne2 Rca5 32. Qb2 f6 33. Be6+ Kg7 34. Rb7 R8a7 35. Nc3 Qe5 36. Qb6 Rxb7 37. Qxb7 Qxe6 38. Kb2 Qe5 39. Kb3 Kf7 40. Qc7 Rc5 0-1

[Event "82.Camp. Veneto Quarti di Finale"]
[Site "Ceregnano ITA"]
[Date "2023.05.27"]
[Round "2.8"]
[White "Morganti, Lionello"]
[Black "Sottroi, Carlo"]
[Result "1/2-1/2"]
[WhiteElo "1472"]
[BlackElo "1741"]
[Annotator "Gabriele Ballarin"]
[PlyCount "43"]
[EventDate "2023.05.26"]
[EventType "swiss"]
[EventRounds "5"]
[EventCountry "ITA"]

1. e4 e5 2. Nf3 Nc6 3. d4 d6 4. dxe5 Nxe5 5. Nxe5 dxe5 6. Qxd8+ Kxd8 7. Bc4 Be6 8. Bxe6 fxe6 9. Be3 Bd6 10. Nd2 Nf6 11. f3 Nd7 12. O-O-O Ke8 13. Nc4 Be7 14. Rd3 b6 15. Rhd1 Rd8 16. b4 Bf6 17. Na3 a6 18. Nc4 Ke7 19. Nd2 Nb8 20. Nb3 Rxd3 21. Rxd3 Rd8 22. Rxd8 {=} 1/2-1/2

[Event "82.Camp. Veneto Quarti di Finale"]
[Site "Ceregnano ITA"]
[Date "2023.05.27"]
[Round "2.9"]
[White "Gallo, Fausto"]
[Black "Zanirato, Stefano"]
[Result "1/2-1/2"]
[WhiteElo "1300"]
[BlackElo "1712"]
[Annotator "Gabriele Ballarin"]
[PlyCount "96"]
[EventDate "2023.05.26"]
[EventType "swiss"]
[EventRounds "5"]
[EventCountry "ITA"]

1. d4 d5 2. c4 Nc6 3. Nc3 e5 4. e3 exd4 5. exd4 Nf6 6. Nf3 Be7 7. Bg5 Be6 8. cxd5 Nxd5 9. Bxe7 Qxe7 10. Be2 O-O-O 11. O-O Qf6 12. Ne4 Qf4 13. Nc5 Nb6 14. Nxe6 fxe6 15. Qb3 Rhe8 16. Bb5 Qd6 17. Bxc6 Qxc6 18. Rfe1 Qd5 19. Qc2 Qf5 20. Rac1 Qxc2 21. Rxc2 h6 22. Rce2 Rd6 23. Re4 Nd5 24. g3 Rf8 25. Nd2 Nf6 26. Rxe6 Rxd4 27. Nf3 Rd6 28. Kg2 Rxe6 29. Rxe6 Re8 30. Rxe8+ Nxe8 31. Ne5 c5 32. f4 Kc7 33. Kf3 b5 34. b3 Nd6 35. Ke3 Kb6 36. Kd3 h5 37. h3 Nf5 38. g4 hxg4 39. hxg4 Ne7 40. Ke4 a5 41. f5 a4 42. g5 axb3 43. axb3 Kc7 44. f6 gxf6 45. gxf6 Nc8 46. Kd5 Nd6 47. f7 Nxf7 48. Nxf7 c4 1/2-1/2

[Event "82.Camp. Veneto Quarti di Finale"]
[Site "Ceregnano ITA"]
[Date "2023.05.27"]
[Round "2.10"]
[White "De Marco, Leonardo"]
[Black "Renier, Renzo"]
[Result "1-0"]
[WhiteElo "1541"]
[BlackElo "1827"]
[Annotator "Gabriele Ballarin"]
[PlyCount "31"]
[EventDate "2023.05.26"]
[EventType "swiss"]
[EventRounds "5"]
[EventCountry "ITA"]

1. e4 e6 2. d4 d5 3. Nd2 c5 4. exd5 Qxd5 5. Ngf3 cxd4 6. Bc4 Qd6 7. Nb3 Nc6 8. O-O Be7 9. Nbxd4 Bf6 10. Nb5 Qxd1 11. Rxd1 Bd8 12. Nd6+ Ke7 13. b3 Nf6 14. Ba3 Bd7 15. Nf5+ Ke8 16. Nxg7# 1-0

[Event "82.Camp. Veneto Quarti di Finale"]
[Site "Ceregnano ITA"]
[Date "2023.05.27"]
[Round "2.11"]
[White "Carlino, Alessandro"]
[Black "Bocaj, Arben"]
[Result "0-1"]
[WhiteElo "1506"]
[BlackElo "1776"]
[Annotator "Gabriele Ballarin"]
[PlyCount "103"]
[EventDate "2023.05.26"]
[EventType "swiss"]
[EventRounds "5"]
[EventCountry "ITA"]

1. e4 e5 2. Nf3 Nc6 3. Bc4 f5 4. d4 fxe4 5. Nxe5 Nxe5 6. dxe5 Ne7 7. Bg5 c6 8. O-O Qa5 9. Qd4 Qb6 10. Qxb6 axb6 11. Nc3 Ng6 12. Rfe1 Bb4 13. Rxe4 Bxc3 14. bxc3 h6 15. Bd2 b5 16. Be2 O-O 17. Bh5 Ne7 18. a4 bxa4 19. Bg4 b5 20. c4 Re8 21. cxb5 cxb5 22. f4 Bb7 23. Rd4 Bc6 24. Bxd7 Bxd7 25. Rxd7 Red8 26. Rd6 Rxd6 27. exd6 Nf5 28. Bb4 Ne3 29. Ra2 Rd8 30. c3 Nc4 31. Kf2 Kf7 32. Ra1 Nxd6 33. Rd1 Ne4+ 34. Ke2 Rxd1 35. Kxd1 Ke6 36. Ke2 Kd5 37. Kd3 g6 38. g3 Nf2+ 39. Ke2 Ng4 40. h3 Nf6 41. g4 Ke4 42. Bd6 Nd5 43. Kd2 Nxf4 44. h4 h5 45. g5 Ng2 46. Bg3 Ne3 47. Bf2 Nc4+ 48. Kc2 Kf3 49. Be1 Ke2 50. Bg3 Ne3+ 51. Kb2 Kd3 52. Bf2 0-1

[Event "82.Camp. Veneto Quarti di Finale"]
[Site "Ceregnano ITA"]
[Date "2023.05.27"]
[Round "2.12"]
[White "Belloni, Umberto"]
[Black "Cecchetto, Vanni"]
[Result "1-0"]
[WhiteElo "1457"]
[BlackElo "1700"]
[Annotator "Gabriele Ballarin"]
[PlyCount "69"]
[EventDate "2023.05.26"]
[EventType "swiss"]
[EventRounds "5"]
[EventCountry "ITA"]

1. d4 e6 2. Bf4 c5 3. e3 d5 4. c3 Nf6 5. Nd2 Nc6 6. Bd3 h5 7. h3 Bd6 8. Bxd6 Qxd6 9. f4 cxd4 10. cxd4 Nxd4 11. exd4 Qxf4 12. Ne2 Qe3 13. Nf3 Bd7 14. Qd2 Qxd2+ 15. Kxd2 O-O-O 16. Ne5 Be8 17. Raf1 Rd6 18. g4 Rf8 19. g5 Nd7 20. Nxd7 Bxd7 21. Nf4 Rh8 22. h4 g6 23. Ne2 Be8 24. Rc1+ Kb8 25. Rhf1 a6 26. Rc2 Ka7 27. Ng1 b5 28. Nf3 Kb6 29. Ne5 Rh7 30. Rfc1 a5 31. Rc7 a4 32. Bxg6 Rh8 33. Bxf7 Rf8 34. Bxe8 Rxe8 35. Rh7 1-0